| 000 | 01150nam a2200181 i 4500 | ||
|---|---|---|---|
| 001 | 768714001 | ||
| 003 | CO-MdFUSB | ||
| 005 | 20220602155317.0 | ||
| 008 | 220602t1984 ck |||| |||| 00| 0 spa d | ||
| 040 |
_bspa _cCO-MdFUSB _dCO-MdFUSB |
||
| 100 |
_aOnetti, Juan Carlos, _eautor |
||
| 245 |
_aPara una tumba sin nombre _c/ Juan Carlos Onetti |
||
| 300 |
_aVolumen 2, (1984) Páginas 121- 163 _c; 22 cm |
||
| 520 | _aLa asombrosa maestría de Juan Carlos Onetti alcanza en esta singularísima novela breve una de las cimas de una escritura asombrosamente totalizadora. Onetti construye Para una tumba sin nombre como una sucesión de variaciones, de mutaciones, sobre un tema formulado en las primeras páginas, una imagen a la vez simple y poderosa, absurda y seductora: una mujer joven pide dinero a la gente que entra y sale de una estación de ferrocarril de Buenos Airs, y lo hace en compañía de una cabra, un chivo de pelo blanco al que lleva atado por una cuerda. | ||
| 653 | _aLiteratura Latinoamericana | ||
| 773 | 0 |
_067924 _981128 _aOveja Negra, _o24691 _tMaestros de la literatura universal _w(CO-MdFUSB)768714001 _z8482806718 |
|
| 942 | _cBK | ||
| 999 |
_c67935 _d67935 |
||